Sweet Thursday (Record no. 10856)

000 -LEADER
fixed length control field 00353 a2200145 4500
020 ## - INTERNATIONAL STANDARD BOOK NUMBER
International Standard Book Number 9780141185521
090 ## - LOCALLY ASSIGNED LC-TYPE CALL NUMBER (OCLC); LOCAL CALL NUMBER (RLIN)
-- 7048
-- 7048
100 ## - MAIN ENTRY--PERSONAL NAME
Personal name Steinbeck, John
245 ## - TITLE STATEMENT
Title Sweet Thursday
Statement of responsibility, etc. John Steinbeck
260 ## - PUBLICATION, DISTRIBUTION, ETC.
Place of publication, distribution, etc. USA
Name of publisher, distributor, etc. Penguin Group
Date of publication, distribution, etc. 1982
300 ## - PHYSICAL DESCRIPTION
Extent 260 p.
650 ## - SUBJECT ADDED ENTRY--TOPICAL TERM
Topical term or geographic name entry element American literature
700 ## - ADDED ENTRY--PERSONAL NAME
Personal name John Steinbeck
942 ## - ADDED ENTRY ELEMENTS (KOHA)
Koha item type Book
Call number prefix 813.52 STE
Holdings
Withdrawn status Lost status Damaged status Not for loan Collection code Permanent Location Current Location Shelving location Date acquired Source of acquisition Cost, normal purchase price Total Checkouts Total Renewals Full call number Barcode Date last seen Date last checked out Price effective from Koha item type
          Central Library (CL) Central Library (CL) General Stacks 04/19/2012 Allied Book Company 1071.12 6 2 813.52 STE SEECS011215 06/02/2022 02/15/2022 01/05/2017 Book
© 2023 Central Library, National University of Sciences and Technology. All Rights Reserved.